Villes traversées par l'autoroute A28 - Statistiques

Statistiques générales
  • Ce quiz a été pris 26 fois
  • Le résultat moyen est 5 sur 6
Statistiques - réponses
ville population kilomètre % Correct
Le Mans 145 876 293
100%
Rouen 116 149 102
100%
Tours 138 486 387
100%
Alençon 25 555 245
92%
Abbeville 22 258 0
75%
Bernay 10 085 173
54%
Aucun quiz correspondant
Distribution des résultats
% des personnes avec chaque résultat
Percentile par nombre de réponses
Votre historique - résultats
Vous n’avez pas pris ce quiz